00257nam a2200097Ia 4500008004100000100000900041245006300050260002200113942000700135999001700142190216s9999||||xx |||||||||||||| ||und|| aNull 0aBouthikathile Pratheekangalummathrakalum Nama Padhadikalum bKerala Basha Inst cBK c37633d37633